Central Library OPAC University of Rajshahi

বাঙ্ঙ্গালা সাহিত্যে গদ্য / (Record no. 53634)

MARC details
000 -LEADER
fixed length control field 00867nam a2200241 a 4500
001 - CONTROL NUMBER
control field 53634
003 - CONTROL NUMBER IDENTIFIER
rucl marc code BD-RjUL
005 - DATE AND TIME OF LATEST TRANSACTION
control field 20211209080008.0
008 - FIXED-LENGTH DATA ELEMENTS--GENERAL INFORMATION
fixed length control field 161018s1966 ii |||| ||| 001 0 ben d
020 ## - INTERNATIONAL STANDARD BOOK NUMBER
Terms of availability : IRs 2.50
035 ## - SYSTEM CONTROL NUMBER
System control number (BD-RjUL)53756
040 ## - CATALOGING SOURCE
Original cataloging agency BD-RjUL
Language of cataloging ben
Transcribing agency BD-RjUL
Modifying agency BD-RjUL
041 ## - LANGUAGE CODE
Language code of text/sound track or separate title ben
082 ## - DEWEY DECIMAL CLASSIFICATION NUMBER
Edition number 23
Classification number 891.444
Author mark and year SEB 1967
100 1# - MAIN ENTRY--PERSONAL NAME
Personal name সেন, সুকুমার
9 (RLIN) 123087
245 10 - TITLE STATEMENT
Title বাঙ্ঙ্গালা সাহিত্যে গদ্য /
Statement of responsibility, etc. সুকুমার সেন
250 ## - EDITION STATEMENT
Edition statement ৪র্থ সং.
260 ## - PUBLICATION, DISTRIBUTION, ETC. (IMPRINT)
Place of publication, distribution, etc. কলকাতা :
Name of publisher, distributor, etc. ইস্টার্ন পাবলিসার্স,
Date of publication, distribution, etc. ১৯৬৭ [১৩৭৩]
300 ## - PHYSICAL DESCRIPTION
Pagination [৩] ২২৩ পৃ. ;
Size ২১ সেমি.
650 ## - SUBJECT ADDED ENTRY--TOPICAL TERM
Topical term or geographic name as entry element বাংলা প্রবন্ধ
9 (RLIN) 146908
Topical term or geographic name as entry element Bengali essay
9 (RLIN) 146909
942 ## - ADDED ENTRY ELEMENTS (KOHA)
Source of classification or shelving scheme Dewey Decimal Classification
Koha item type Books
Holdings
Lost status Source of classification or shelving scheme Damaged status Not for loan Collection code Permanent Location Current Location Shelving location Date acquired Source of acquisition Cost, normal purchase price Total Checkouts Full call number Date last seen Copy number Koha item type
  Dewey Decimal Classification     Non-fiction Central Library, University of Rajshahi Central Library, University of Rajshahi   23/04/1977 Boighor 18.75   B 891.444 SEB 1967 18/10/2016 C-2 Books